[Event "CAN op"]
[Site "Hamilton CAN"]
[Date "2022.07.12"]
[Round "1.37"]
[White "Heran-Boily, Samuel"]
[Black "Bluvshtein, Ilia"]
[Result "1/2-1/2"]
[WhiteElo "1871"]
[BlackElo "2220"]
[PlyCount "83"]
[EventDate "2022.07.12"]
[EventType "swiss"]
[EventRounds "9"]
[EventCountry "CAN"]

1. e4 e5 2. Nf3 Nc6 3. Bb5 f5 4. d3 Nf6 5. exf5 Bc5 6. Bxc6 dxc6 7. Nxe5 Bxf5
8. O-O O-O 9. Be3 Bd4 10. Nc4 b5 11. c3 Bxe3 12. Nxe3 Qxd3 13. Qb3+ Kh8 14. Rd1
Qe4 15. Nd2 Qf4 16. g3 Qe5 17. Nf3 Qe6 18. Nd4 Qxb3 19. axb3 Bd7 20. b4 Ne4 21.
Nxb5 Bh3 22. Nxc7 Rac8 23. Rd4 Nxf2 24. Rf4 Rxf4 25. gxf4 Nd3 26. Rxa7 Kg8 27.
Ra8 Nxb2 28. f5 Rxa8 29. Nxa8 Nd3 30. Nc7 Kf7 31. Ne6 Kf6 32. Nd4 c5 33. bxc5
Nxc5 34. Kf2 Ne4+ 35. Kf3 Nxc3 36. Kg3 Ke5 37. Nc6+ Ke4 38. Kxh3 Kxe3 39. Nd8
Kf4 40. Ne6+ Kxf5 41. Nxg7+ Kg6 42. Ne6 1/2-1/2

[Event "CAN op"]
[Site "Hamilton CAN"]
[Date "2022.07.12"]
[Round "1.38"]
[White "Song, Terry"]
[Black "Wu, Benjamin"]
[Result "1-0"]
[WhiteElo "2218"]
[BlackElo "1870"]
[PlyCount "60"]
[EventDate "2022.07.12"]
[EventType "swiss"]
[EventRounds "9"]
[EventCountry "CAN"]

1. e4 c5 2. Nc3 Nc6 3. f4 e6 4. Nf3 Be7 5. Bb5 Qc7 6. O-O d6 7. d3 Bd7 8. Bxc6
bxc6 9. Qe1 Nf6 10. e5 dxe5 11. fxe5 Nd5 12. Ne4 O-O-O 13. Qf2 f5 14. Nxc5 Bxc5
15. Qxc5 Qb6 16. Qf2 Qxf2+ 17. Rxf2 c5 18. Bd2 Kb7 19. a3 Rc8 20. c4 Ne7 21. b4
Ng6 22. Re1 h6 23. bxc5 Rxc5 24. Bb4 Rcc8 25. Nd4 Rhe8 26. Bd6 Ka6 27. Rb1 Bc6
28. Nb3 Nf8 29. Nc5+ Ka5 30. Rfb2 a6 1-0

[Event "CAN op"]
[Site "Hamilton CAN"]
[Date "2022.07.12"]
[Round "1.39"]
[White "Yang, Henry"]
[Black "Joseph Benher, Savio"]
[Result "0-1"]
[WhiteElo "1863"]
[BlackElo "2213"]
[PlyCount "72"]
[EventDate "2022.07.12"]
[EventType "swiss"]
[EventRounds "9"]
[EventCountry "CAN"]

1. d4 Nf6 2. c4 e6 3. Nf3 Bb4+ 4. Bd2 Qe7 5. g3 O-O 6. Bg2 Bxd2+ 7. Nbxd2 d6 8.
O-O e5 9. e3 c6 10. Qb1 e4 11. Ne1 d5 12. cxd5 cxd5 13. b4 Bg4 14. Nc2 Nbd7 15.
Rc1 Nb6 16. Bf1 Qe6 17. Ne1 Bh3 18. Be2 Ng4 19. Qb3 Qf5 20. Bxg4 Qxg4 21. a4
Rac8 22. f3 exf3 23. a5 Nc4 24. Ndxf3 Rce8 25. Rc3 Re6 26. Ra2 Rfe8 27. Re2 Qh5
28. Kf2 Bg4 29. Kg2 Rf6 30. Rf2 Nd6 31. Rc5 Ne4 32. Rcc2 Nxf2 33. Rxf2 Bf5 34.
Ne5 Be4+ 35. N1f3 Rxe5 36. dxe5 Rxf3 0-1

[Event "CAN op"]
[Site "Hamilton CAN"]
[Date "2022.07.12"]
[Round "1.40"]
[White "Manley, Jason"]
[Black "Cater, Brendan"]
[Result "1-0"]
[WhiteElo "2210"]
[BlackElo "1860"]
[PlyCount "79"]
[EventDate "2022.07.12"]
[EventType "swiss"]
[EventRounds "9"]
[EventCountry "CAN"]

1. e4 e5 2. Nf3 Nf6 3. Nc3 Nc6 4. Bb5 Nd4 5. Bc4 Qe7 6. d3 h6 7. Nxd4 exd4 8.
Nb5 d5 9. Bf4 dxc4 10. Nxc7+ Kd8 11. Nxa8 Qb4+ 12. Qd2 Bd6 13. Qxb4 Bxb4+ 14.
Ke2 Nh5 15. Bc7+ Kd7 16. Be5 Bc5 17. b4 f6 18. Bb8 Kc6 19. bxc5 Bg4+ 20. f3
cxd3+ 21. cxd3 Rxb8 22. fxg4 Nf4+ 23. Kd2 Rxa8 24. Rab1 Nxg2 25. Rb4 Nh4 26.
Ke2 Rd8 27. Rhb1 Rd7 28. Ra4 Ng6 29. Rxa7 Ne5 30. h3 Ng6 31. Rb6+ Kxc5 32.
Rbxb7 Rd6 33. Rxg7 Nf4+ 34. Kd2 Nxh3 35. Rgc7+ Kb6 36. Rcb7+ Kc6 37. Ra6+ Kxb7
38. Rxd6 Nf2 39. Rxf6 Nxg4 40. Rg6 1-0

[Event "CAN op"]
[Site "Hamilton CAN"]
[Date "2022.07.12"]
[Round "1.41"]
[White "Jiang, Hancy"]
[Black "Rosenberg, Evan"]
[Result "1-0"]
[WhiteElo "1855"]
[BlackElo "2205"]
[PlyCount "133"]
[EventDate "2022.07.12"]
[EventType "swiss"]
[EventRounds "9"]
[EventCountry "CAN"]

1. d4 Nf6 2. Bf4 b6 3. e3 Bb7 4. Nd2 e6 5. Ngf3 d6 6. Bd3 Nbd7 7. h3 Qe7 8. Bh2
g5 9. c3 Rg8 10. Qe2 a6 11. O-O-O h5 12. e4 g4 13. hxg4 hxg4 14. Ne1 e5 15. d5
Nh5 16. f3 g3 17. Bg1 Nf4 18. Qf1 Nc5 19. Be3 Qf6 20. Bxf4 exf4 21. Nb3 Bg7 22.
Nd4 b5 23. Nec2 Qe5 24. Nf5 O-O-O 25. Ncd4 Bf6 26. Kc2 Qe8 27. b4 Na4 28. c4
bxc4 29. Bxc4 Nb6 30. b5 axb5 31. Bxb5 Qe5 32. Qd3 Rg5 33. Qa3 Nxd5 34. exd5
Qxd5 35. Bd3 c5 36. Nb5 Rxf5 37. Qa5 Rd7 38. Bxf5 Qxf5+ 39. Kc1 Qe5 40. Qa3 Qe2
41. Nxd6+ Kb8 42. Rhe1 Qf2 43. Re8+ Bd8 44. Qa5 Qe3+ 45. Rxe3 Bxa5 46. Rb3 Bb4
47. Nxb7 Rxb7 48. a3 Bd2+ 49. Kc2 Rxb3 50. Kxb3 Be3 51. Rd5 Kc7 52. Rf5 Kc6 53.
Rxf7 Kd5 54. Rd7+ Kc6 55. Rd8 Kc7 56. Rd5 Kc6 57. Kc4 Bf2 58. a4 Kb6 59. a5+
Kxa5 60. Rxc5+ Kb6 61. Rf5 Be3 62. Kd5 Kb5 63. Ke4+ Kc4 64. Rxf4 Bf2 65. Rg4
Kc3 66. f4 Kd2 67. Kf3 1-0

[Event "CAN op"]
[Site "Hamilton CAN"]
[Date "2022.07.12"]
[Round "1.42"]
[White "Moura, Eduardo"]
[Black "Kaye, Olya"]
[Result "1-0"]
[WhiteElo "2194"]
[BlackElo "1854"]
[PlyCount "75"]
[EventDate "2022.07.12"]
[EventType "swiss"]
[EventRounds "9"]
[EventCountry "CAN"]

1. e4 d6 2. d4 Nf6 3. Bd3 g6 4. Nf3 Bg7 5. O-O O-O 6. c3 c5 7. h3 cxd4 8. cxd4
Nc6 9. Nc3 Nd7 10. Be3 b6 11. Qa4 Bb7 12. Bb5 Ncb8 13. d5 a6 14. Be2 Nc5 15.
Qc2 a5 16. Bd4 Ba6 17. Bxg7 Kxg7 18. Nd4 Bxe2 19. Qxe2 Nba6 20. f4 Nc7 21. Rad1
f6 22. e5 f5 23. Rfe1 Re8 24. g4 fxg4 25. Qxg4 dxe5 26. fxe5 Qc8 27. Qh4 Qd7
28. e6 Qd6 29. Ndb5 Nxb5 30. Nxb5 Qd8 31. Rf1 h5 32. Rf7+ Kh6 33. Qf4+ g5 34.
Qf5 Rh8 35. d6 Rc8 36. Rd5 Qg8 37. dxe7 Qg6 38. Rf6 1-0

[Event "CAN op"]
[Site "Hamilton CAN"]
[Date "2022.07.12"]
[Round "1.43"]
[White "Leong, Ryan"]
[Black "Campbell, Brett"]
[Result "0-1"]
[WhiteElo "1853"]
[BlackElo "2189"]
[PlyCount "70"]
[EventDate "2022.07.12"]
[EventType "swiss"]
[EventRounds "9"]
[EventCountry "CAN"]

1. Nf3 g6 2. g3 Bg7 3. Bg2 c5 4. O-O d5 5. c4 d4 6. d3 Nc6 7. a3 a5 8. a4 e5 9.
Na3 Nge7 10. Nd2 f5 11. Nb3 b6 12. Bg5 Bb7 13. Nb5 h6 14. Bd2 O-O 15. f4 Qd7
16. Qc1 Kh7 17. Ra3 Rad8 18. fxe5 Nxe5 19. Bxb7 Qxb7 20. Qe1 N7c6 21. Bxa5 Nxa5
22. Nxa5 bxa5 23. Qxa5 Rd7 24. Qd2 Ng4 25. a5 Ne3 26. Rf2 Ra8 27. b3 Bf8 28.
Qa2 Ra6 29. Ra4 Rf7 30. b4 f4 31. Nxd4 cxd4 32. c5 Qd7 33. b5 Raf6 34. c6 Qc7
35. b6 Qxc6 0-1

[Event "CAN op"]
[Site "Hamilton CAN"]
[Date "2022.07.12"]
[Round "1.44"]
[White "Lin, Leo"]
[Black "Bokhout, Peter"]
[Result "1-0"]
[WhiteElo "2189"]
[BlackElo "1852"]
[PlyCount "63"]
[EventDate "2022.07.12"]
[EventType "swiss"]
[EventRounds "9"]
[EventCountry "CAN"]

1. e4 c5 2. Nc3 Nc6 3. Bb5 a6 4. Bxc6 dxc6 5. d3 Nf6 6. f4 e6 7. Nf3 Be7 8. O-O
O-O 9. Qe1 b5 10. e5 Nd5 11. Ne4 Kh8 12. Be3 Nxe3 13. Qxe3 c4 14. dxc4 bxc4 15.
Rad1 Qa5 16. a3 Rb8 17. Nd6 c3 18. bxc3 Qxa3 19. Ng5 Kg8 20. Qd3 Bxg5 21. fxg5
Qc5+ 22. Kh1 Qxe5 23. Nxf7 Qc7 24. g6 hxg6 25. Nh6+ gxh6 26. Qxg6+ Qg7 27.
Rxf8+ Kxf8 28. Rd8+ Ke7 29. Qxg7+ Kxd8 30. h4 a5 31. Qxh6 Bd7 32. Qg5+ 1-0

[Event "CAN op"]
[Site "Hamilton CAN"]
[Date "2022.07.12"]
[Round "1.45"]
[White "Wang, Rachel"]
[Black "Dorn, Paris"]
[Result "0-1"]
[WhiteElo "1850"]
[BlackElo "2175"]
[PlyCount "116"]
[EventDate "2022.07.12"]
[EventType "swiss"]
[EventRounds "9"]
[EventCountry "CAN"]

1. d4 Nf6 2. c4 e6 3. Nf3 d5 4. Bg5 h6 5. Bh4 dxc4 6. e3 Bb4+ 7. Nbd2 b5 8. a3
Be7 9. Bxf6 Bxf6 10. b3 Bb7 11. bxc4 c5 12. Nb3 cxd4 13. cxb5 dxe3 14. Qxd8+
Kxd8 15. Rd1+ Ke7 16. fxe3 Nd7 17. Be2 Rhc8 18. Kf2 Rc3 19. Rd3 Rac8 20. Rhd1
Bd5 21. Nfd4 Ne5 22. Rxc3 Rxc3 23. Rc1 Rxc1 24. Nxc1 Kd6 25. Ncb3 Bc4 26. Na5
Bxe2 27. Kxe2 Kc7 28. a4 Kb6 29. Nab3 Nc4 30. h3 Bxd4 31. exd4 Nb2 32. Nc5 Ka5
33. Nb7+ Kxa4 34. Nd6 f6 35. Nc8 Kxb5 36. Nxa7+ Kc4 37. Ke3 Nd1+ 38. Ke2 Nc3+
39. Ke3 Nb5 40. Nxb5 Kxb5 41. h4 h5 42. Kf4 Kc6 43. Ke4 g6 44. g3 Kd6 45. Ke3
Kd5 46. Kd3 g5 47. Ke3 gxh4 48. gxh4 f5 49. Kf4 Kxd4 50. Kg5 Ke5 51. Kxh5 Kf6
52. Kh6 f4 53. h5 Kf7 54. Kh7 f3 55. h6 f2 56. Kh8 f1=Q 57. Kh7 Qg1 58. Kh8
Qg8# 0-1

[Event "CAN op"]
[Site "Hamilton CAN"]
[Date "2022.07.12"]
[Round "1.46"]
[White "Bailey, Doug"]
[Black "Zhang, Brian"]
[Result "1/2-1/2"]
[WhiteElo "2165"]
[BlackElo "1842"]
[PlyCount "114"]
[EventDate "2022.07.12"]
[EventType "swiss"]
[EventRounds "9"]
[EventCountry "CAN"]

1. e4 c5 2. Nf3 d6 3. d4 cxd4 4. Nxd4 Nf6 5. Nc3 a6 6. Bg5 e6 7. f4 Be7 8. Qf3
Qc7 9. O-O-O Nbd7 10. Kb1 b5 11. Bxb5 axb5 12. Ndxb5 Qb8 13. e5 Bb7 14. Qg3
dxe5 15. fxe5 Ne4 16. Nxe4 Bxe4 17. Bxe7 Qxb5 18. Bd6 Qc4 19. Qb3 Qxb3 20. axb3
f6 21. Rhe1 Bf5 22. exf6 Nxf6 23. Rd4 Rd8 24. Red1 Ne4 25. Be5 Rxd4 26. Rxd4
Ke7 27. g4 Bg6 28. b4 Rd8 29. Bxg7 Rxd4 30. Bxd4 Kd6 31. b5 e5 32. Be3 Nf6 33.
h3 Nd5 34. Bd2 Kc5 35. b3 Kxb5 36. Kb2 Kc5 37. c4 Nf6 38. Be3+ Kb4 39. Bb6 e4
40. Bd8 Nd7 41. Be7+ Nc5 42. Kc1 e3 43. Kd1 Bd3 44. Ke1 Bc2 45. Ke2 Bxb3 46.
Kxe3 Kxc4 47. Kf4 Ne6+ 48. Ke5 Kd3 49. h4 Ke3 50. h5 Kf3 51. g5 Nxg5 52. Bxg5
Kg4 53. Be7 Kxh5 54. Bd8 Kg4 55. Be7 h5 56. Bd8 h4 57. Bxh4 Kxh4 1/2-1/2

[Event "CAN op"]
[Site "Hamilton CAN"]
[Date "2022.07.12"]
[Round "1.47"]
[White "Supsup, Ferdinand"]
[Black "Li, Eric"]
[Result "1/2-1/2"]
[WhiteElo "1810"]
[BlackElo "2165"]
[PlyCount "113"]
[EventDate "2022.07.12"]
[EventType "swiss"]
[EventRounds "9"]
[EventCountry "CAN"]

1. d4 Nf6 2. Nc3 d5 3. Bf4 e6 4. Nb5 Na6 5. e3 Be7 6. Nf3 O-O 7. a3 Ne4 8. Bd3
c6 9. Nc3 Nxc3 10. bxc3 c5 11. h4 f5 12. Ne5 c4 13. Be2 Nb8 14. g4 Nc6 15. gxf5
exf5 16. h5 Bf6 17. Bf3 Re8 18. Nxc6 bxc6 19. Rg1 Kh8 20. Qc1 Re7 21. Kd2 Rb7
22. Rg2 Be6 23. Qh1 Qe7 24. Qh2 Rd8 25. a4 Rdd7 26. Rag1 Qf8 27. h6 g6 28. Be5
Bg8 29. Bh5 Rf7 30. Bxg6 hxg6 31. Rxg6 Bh7 32. Rxf6 Rxf6 33. Qh4 Rbf7 34. Rg7
Qe7 35. Rxf7 Qxf7 36. Bxf6+ Kg8 37. Qg3+ Qg6 38. Qxg6+ Bxg6 39. f4 Kh7 40. Bg7
Bh5 41. a5 a6 42. Kc1 Bf3 43. Kb2 Be4 44. Bf8 Kg6 45. Ka3 Bxc2 46. Kb4 Bd1 47.
Kc5 Ba4 48. Kd6 Kh7 49. Ke5 Bc2 50. Kf6 Bd3 51. Kf7 Be4 52. Ke7 Bc2 53. Ke6 Kg6
54. Bg7 Kh7 55. Ke5 Kg6 56. Bf8 Kh7 57. Kf6 1/2-1/2

[Event "CAN op"]
[Site "Hamilton CAN"]
[Date "2022.07.12"]
[Round "1.48"]
[White "Yang, Jingyun (Ryan)"]
[Black "Yang, Larry"]
[Result "1-0"]
[WhiteElo "2141"]
[BlackElo "1807"]
[PlyCount "77"]
[EventDate "2022.07.12"]
[EventType "swiss"]
[EventRounds "9"]
[EventCountry "CAN"]

1. g3 g6 2. Bg2 Bg7 3. Nf3 Nf6 4. d4 O-O 5. O-O d6 6. c4 c5 7. Nc3 Nc6 8. dxc5
dxc5 9. Be3 Be6 10. Qa4 Nd7 11. Rad1 Qc8 12. Nd5 Bxd5 13. cxd5 Nce5 14. Nxe5
Bxe5 15. Bg5 Bf6 16. Bxf6 Nxf6 17. Qf4 Nh5 18. Qh4 Qc7 19. Rfe1 Rad8 20. e4 Ng7
21. e5 Nf5 22. Qc4 Qb6 23. Be4 Qb4 24. Qxb4 cxb4 25. Bxf5 gxf5 26. f4 Rd7 27.
Rd4 Rc8 28. Red1 a5 29. Kf2 Kf8 30. Kf3 h5 31. h3 Kg7 32. g4 hxg4+ 33. hxg4
fxg4+ 34. Kxg4 Rcd8 35. R4d2 b5 36. Kf3 f5 37. e6 Rd6 38. Rg2+ Kf6 39. Rdg1 1-0

[Event "CAN op"]
[Site "Hamilton CAN"]
[Date "2022.07.12"]
[Round "1.49"]
[White "Wang, Andy"]
[Black "Huang, Winston"]
[Result "1-0"]
[WhiteElo "1806"]
[BlackElo "2140"]
[PlyCount "79"]
[EventDate "2022.07.12"]
[EventType "swiss"]
[EventRounds "9"]
[EventCountry "CAN"]

1. e4 e5 2. Nf3 Nc6 3. Bb5 a6 4. Ba4 b5 5. Bb3 Nf6 6. d3 Bb7 7. Be3 d5 8. Nbd2
h6 9. c3 Be7 10. O-O O-O 11. h3 Bd6 12. Bxd5 Nxd5 13. exd5 Ne7 14. c4 Ng6 15.
Ne1 f5 16. f3 Nh4 17. Qb3 Kh8 18. f4 exf4 19. Bxf4 Bc5+ 20. Kh1 c6 21. dxc6
Bxc6 22. Nef3 Ng6 23. Bh2 Qd7 24. Bg1 Bxg1 25. Rxg1 Rad8 26. d4 bxc4 27. Qxc4
Rf6 28. Rge1 f4 29. Ne4 Rff8 30. Qxa6 Ra8 31. Qd3 Ne7 32. Nc5 Qd6 33. Re6 Qd8
34. Ne5 Bd5 35. Rxe7 Kg8 36. Rd7 Bxg2+ 37. Kxg2 Qg5+ 38. Kh1 Rf5 39. Rg1 Qh5
40. Rgxg7+ 1-0

[Event "CAN op"]
[Site "Hamilton CAN"]
[Date "2022.07.12"]
[Round "1.51"]
[White "Buscar, Bernard"]
[Black "Xu, Daniel"]
[Result "0-1"]
[WhiteElo "1788"]
[BlackElo "2128"]
[PlyCount "70"]
[EventDate "2022.07.12"]
[EventType "swiss"]
[EventRounds "9"]
[EventCountry "CAN"]

1. d4 Nf6 2. c4 g6 3. Nc3 Bg7 4. Nf3 d6 5. h3 O-O 6. e4 e5 7. dxe5 dxe5 8. Qxd8
Rxd8 9. Bg5 Re8 10. Bd3 Na6 11. Rd1 c6 12. O-O Nc5 13. Bb1 a5 14. Rd2 Nfd7 15.
Rfd1 a4 16. Bc2 Bf8 17. b4 axb3 18. axb3 Ra3 19. Nb1 Ra2 20. b4 Ne6 21. c5 Rb2
22. Nc3 Nxg5 23. Nxg5 Bh6 24. h4 f6 25. Na4 Rxb4 26. Nxh7 Bxd2 27. Nxf6+ Nxf6
28. Rxd2 Nxe4 29. Re2 Nf6 30. Re3 Bf5 31. Bb3+ Kg7 32. f3 e4 33. g4 exf3 34.
Rxf3 Rxg4+ 35. Kf1 Ne4 0-1

[Event "CAN op"]
[Site "Hamilton CAN"]
[Date "2022.07.12"]
[Round "1.52"]
[White "Windram, James"]
[Black "Joseph, Jonath"]
[Result "1-0"]
[WhiteElo "2124"]
[BlackElo "1782"]
[PlyCount "155"]
[EventDate "2022.07.12"]
[EventType "swiss"]
[EventRounds "9"]
[EventCountry "CAN"]

1. e4 e5 2. Nf3 Nc6 3. d4 exd4 4. Nxd4 Nf6 5. Nxc6 bxc6 6. e5 Nd5 7. c4 Nb6 8.
Bd3 Ba6 9. b3 Bc5 10. Bb2 Rb8 11. Qe2 O-O 12. O-O Re8 13. e6 dxe6 14. Bxh7+
Kxh7 15. Qh5+ Kg8 16. Qxc5 Na4 17. Qxc6 Bxc4 18. Qxc4 Nxb2 19. Qc2 Qd4 20. Nc3
Nd3 21. Rad1 Red8 22. Ne2 Qb2 23. Qd2 Qe5 24. g3 Rd6 25. Nc1 Nb2 26. Rde1 Rxd2
27. Rxe5 Rbd8 28. Rc5 Nd3 29. Nxd3 R8xd3 30. Ra5 Rc2 31. Rxa7 Rdd2 32. a4 c5
33. a5 Ra2 34. a6 Rd6 35. Ra8+ Kh7 36. a7 Rda6 37. Rc1 Rxa7 38. Rxa7 Rxa7 39.
Rxc5 Rb7 40. Rc3 g6 41. Kf1 Kg7 42. Ke2 Kf6 43. Kd2 Ke5 44. Rd3 Rc7 45. h4 Rc8
46. Rc3 Rb8 47. Kc2 Rb7 48. Rc4 Kd6 49. Kc3 Rb5 50. Rd4+ Kc6 51. Rd2 Rf5 52.
Rb2 Kb5 53. b4 Rf3+ 54. Kd4 Rf5 55. Ke4 Rd5 56. Kf4 f6 57. Ke4 Rd1 58. Kf3 Rd4
59. Kg2 f5 60. f3 e5 61. Re2 Rd5 62. Rb2 Rd4 63. Kf2 e4 64. fxe4 Rxe4 65. Kf3
Rc4 66. Re2 Kxb4 67. Re6 Rg4 68. Rf6 Kc4 69. h5 gxh5 70. Rxf5 Rg8 71. Rxh5 Rf8+
72. Ke4 Rg8 73. Kf4 Kd4 74. g4 Re8 75. Rf5 Rg8 76. g5 Rg7 77. Rf8 Kd5 78. Kf5
1-0

[Event "CAN op"]
[Site "Hamilton CAN"]
[Date "2022.07.12"]
[Round "1.53"]
[White "Dickson, Kirk"]
[Black "Ajith, Aayush"]
[Result "0-1"]
[WhiteElo "1780"]
[BlackElo "2122"]
[PlyCount "72"]
[EventDate "2022.07.12"]
[EventType "swiss"]
[EventRounds "9"]
[EventCountry "CAN"]

1. d4 Nf6 2. e3 e6 3. Bd3 d5 4. Nd2 c5 5. c3 b6 6. f4 Bb7 7. Ngf3 Nc6 8. O-O
Bd6 9. Ne5 a6 10. Rf3 Qc7 11. Qe2 Ne7 12. Rh3 g6 13. Ndf3 Bxe5 14. fxe5 Ne4 15.
Bd2 f5 16. Bxe4 dxe4 17. Ng5 Nd5 18. Nxe6 Qe7 19. Nf4 Nxf4 20. exf4 cxd4 21.
cxd4 Bd5 22. Rc3 Kf7 23. Rac1 Ra7 24. a3 h6 25. Qd1 Rd8 26. g4 Qh4 27. Rg3 Be6
28. gxf5 gxf5 29. Be3 Rg8 30. Qe1 Rg4 31. Rc2 Bd5 32. Rcg2 Rc7 33. Qe2 Bc4 34.
Rxg4 fxg4 35. Rxg4 Qh3 36. Rg3 Qxg3+ 0-1

[Event "CAN op"]
[Site "Hamilton CAN"]
[Date "2022.07.12"]
[Round "1.54"]
[White "Demchenko, Kyrylo"]
[Black "Lu, Tony"]
[Result "1-0"]
[WhiteElo "2109"]
[BlackElo "1773"]
[PlyCount "101"]
[EventDate "2022.07.12"]
[EventType "swiss"]
[EventRounds "9"]
[EventCountry "CAN"]

1. e4 e6 2. d4 d5 3. exd5 exd5 4. Bd3 Nf6 5. Nf3 Bd6 6. O-O O-O 7. Bg5 Bg4 8.
Nbd2 Nbd7 9. c3 c6 10. Qc2 Qc7 11. Bh4 Rae8 12. Rfe1 Bh5 13. Bg3 Bg6 14. Bxg6
fxg6 15. Rxe8 Rxe8 16. Re1 Rxe1+ 17. Nxe1 Bxg3 18. hxg3 Qd6 19. Qa4 a6 20. Qa5
Qe7 21. Kf1 Nf8 22. Qb6 Ne6 23. Nd3 h6 24. Nb3 Nd8 25. Ne5 Kh7 26. Nc5 Ne4 27.
Nxe4 dxe4 28. Ke2 Nf7 29. Nxf7 Qxf7 30. b3 Qd7 31. Ke3 Qf7 32. c4 Qd7 33. Qc5
Kg8 34. Qe5 Qg4 35. Qxe4 Qd1 36. Qd3 Qe1+ 37. Kf3 Qe7 38. Qxg6 Qf8+ 39. Ke3 Qa3
40. Qe6+ Kh7 41. d5 Qc1+ 42. Kd4 Qb2+ 43. Kc5 Qxf2+ 44. Kd6 Qxg3+ 45. Kd7 cxd5
46. cxd5 Qxg2 47. Qf5+ Kg8 48. d6 h5 49. Ke7 g6 50. Qf7+ Kh8 51. Kf8 1-0

[Event "CAN op"]
[Site "Hamilton CAN"]
[Date "2022.07.12"]
[Round "1.55"]
[White "Kearnan, Daniel"]
[Black "Mendes, Aaron Reeve"]
[Result "0-1"]
[WhiteElo "1769"]
[BlackElo "2166"]
[PlyCount "72"]
[EventDate "2022.07.12"]
[EventType "swiss"]
[EventRounds "9"]
[EventCountry "CAN"]

1. d4 Nf6 2. Bf4 g6 3. Nc3 d5 4. e3 a6 5. Nf3 Nbd7 6. Be2 Bg7 7. h4 h5 8. Qd2
c6 9. Ng5 b5 10. Bd3 c5 11. Bxg6 fxg6 12. Ne6 Qb6 13. Nc7+ Kf7 14. Nxa8 Qc6 15.
Nc7 b4 16. Ne2 Ne4 17. Qd1 c4 18. Ng3 Nd6 19. Nxd5 Qxd5 20. Qf3 Nf6 21. Qxd5+
Nxd5 22. Bxd6 exd6 23. Ne4 Ke7 24. c3 Bf5 25. Ng3 Bd3 26. Kd2 bxc3+ 27. bxc3
Rb8 28. Rhc1 Rb2+ 29. Ke1 Bh6 30. a4 a5 31. Ra3 Kd7 32. Rca1 Rc2 33. R1a2 Rc1+
34. Kd2 Rg1 35. Rb2 Rxg2 36. Rb5 Bxe3+ 0-1

[Event "CAN op"]
[Site "Hamilton CAN"]
[Date "2022.07.12"]
[Round "1.56"]
[White "Sharma, Vishruth"]
[Black "Zhang, Michelle"]
[Result "1-0"]
[WhiteElo "2108"]
[BlackElo "1756"]
[PlyCount "107"]
[EventDate "2022.07.12"]
[EventType "swiss"]
[EventRounds "9"]
[EventCountry "CAN"]

1. e4 e6 2. d4 d5 3. Nc3 dxe4 4. Nxe4 Nd7 5. Bd3 Ngf6 6. Nxf6+ Nxf6 7. Nf3 Be7
8. O-O O-O 9. Ne5 c5 10. c3 cxd4 11. cxd4 Kh8 12. Be3 Bd7 13. Qf3 b5 14. g4 Bd6
15. Bg5 Be8 16. Rfe1 Rc8 17. Re3 Be7 18. Qh3 g6 19. Qh4 Nd5 20. Rh3 h5 21. Bxe7
Qxe7 22. Qg3 Qg5 23. gxh5 Qxg3+ 24. hxg3 gxh5 25. Rxh5+ Kg7 26. Rh7+ Kf6 27.
Re1 Nb4 28. Bb1 Rd8 29. Re4 Bc6 30. Rf4+ Ke7 31. Ng6+ Kd6 32. Nxf8 Rxf8 33.
Rfxf7 Ra8 34. Rxa7 Rd8 35. a3 Nd5 36. Be4 Rf8 37. Bxd5 Bxd5 38. Rac7 Bc6 39. f4
Rf5 40. Kf2 Rf8 41. Ke3 Rf5 42. g4 Rf8 43. g5 Rg8 44. Rcg7 Rf8 45. g6 Rf6 46.
Rh8 Kd5 47. b3 Rf5 48. Rd8+ Bd7 49. Rgxd7+ Kc6 50. g7 Rd5 51. g8=Q Rxd7 52.
Qxe6+ Kb7 53. Rxd7+ Kb8 54. Qe8# 1-0

[Event "CAN op"]
[Site "Hamilton CAN"]
[Date "2022.07.12"]
[Round "1.57"]
[White "Moran-Venegas, Mario"]
[Black "Bui, Alan"]
[Result "0-1"]
[WhiteElo "1754"]
[BlackElo "2097"]
[PlyCount "84"]
[EventDate "2022.07.12"]
[EventType "swiss"]
[EventRounds "9"]
[EventCountry "CAN"]

1. c4 e6 2. g3 d5 3. Bg2 Nf6 4. e3 c5 5. Ne2 d4 6. d3 Nc6 7. O-O e5 8. exd4
cxd4 9. Nd2 Bd6 10. Ne4 Nxe4 11. Bxe4 O-O 12. f4 Bh3 13. Rf2 f5 14. Bd5+ Kh8
15. fxe5 Bxe5 16. Nf4 Bg4 17. Qa4 Qd7 18. Ne6 Rf6 19. Nc5 Qe7 20. b4 Rg6 21.
Nxb7 Qxb7 22. b5 Qc7 23. Bxc6 Bxg3 24. hxg3 Qxg3+ 25. Rg2 Qe1+ 26. Kh2 Qh4+ 27.
Kg1 Qe1+ 28. Kh2 Bd1 29. Qa3 Qh4+ 30. Kg1 Qe1+ 31. Kh2 Qh4+ 32. Kg1 Rxg2+ 33.
Bxg2 Qe1+ 34. Kh2 Qh4+ 35. Kg1 Qe1+ 36. Kh2 Re8 37. Bg5 Qe5+ 38. Kg1 Qe1+ 39.
Kh2 f4 40. Bxf4 Qh4+ 41. Kg1 Re1+ 42. Bf1 Qxf4 0-1

[Event "CAN op"]
[Site "Hamilton CAN"]
[Date "2022.07.12"]
[Round "1.58"]
[White "Leonard, Anthony"]
[Black "Qian, Eric"]
[Result "1/2-1/2"]
[WhiteElo "2097"]
[BlackElo "1753"]
[PlyCount "73"]
[EventDate "2022.07.12"]
[EventType "swiss"]
[EventRounds "9"]
[EventCountry "CAN"]

1. e4 c5 2. Nf3 d6 3. d4 cxd4 4. Nxd4 Nf6 5. Nc3 a6 6. f3 e5 7. Nb3 Be6 8. Be3
h5 9. Qd2 Nbd7 10. O-O-O Rc8 11. Kb1 Qc7 12. h3 h4 13. Rg1 b5 14. Bd3 Nb6 15.
f4 Nc4 16. Bxc4 Bxc4 17. Nd5 Bxd5 18. exd5 exf4 19. Bxf4 Be7 20. Qd3 O-O 21. g4
hxg3 22. Rxg3 Qc4 23. Qf5 Qe4 24. Qxe4 Nxe4 25. Re3 f5 26. Nd4 g5 27. Nxf5 Rxf5
28. Rxe4 gxf4 29. Rxe7 f3 30. Rf1 Rc5 31. Kc1 Rcxd5 32. Re3 f2 33. Re2 Rf3 34.
Rexf2 Rxh3 35. Rg2+ Kh8 36. b3 a5 37. Kb2 1/2-1/2

[Event "CAN op"]
[Site "Hamilton CAN"]
[Date "2022.07.12"]
[Round "1.59"]
[White "Locham, Divjot"]
[Black "Xu, Eddie"]
[Result "1-0"]
[WhiteElo "1751"]
[BlackElo "2088"]
[PlyCount "53"]
[EventDate "2022.07.12"]
[EventType "swiss"]
[EventRounds "9"]
[EventCountry "CAN"]

1. e4 e5 2. Nf3 Nc6 3. d4 exd4 4. Nxd4 Nf6 5. Nc3 Nxe4 6. Nxe4 Qe7 7. f3 d5 8.
Bb5 Bd7 9. O-O dxe4 10. Bxc6 bxc6 11. Re1 O-O-O 12. Rxe4 Qb4 13. c3 Qb6 14. Qe2
f5 15. Re3 Bd6 16. Kh1 g6 17. Bd2 Rde8 18. Re1 Qxb2 19. Qa6+ Qb7 20. Qd3 Rxe3
21. Bxe3 Re8 22. Qf1 c5 23. Rb1 Qa8 24. Qa6+ Kd8 25. Bg5+ Be7 26. Ne6+ Bxe6 27.
Qxe6 1-0

[Event "CAN op"]
[Site "Hamilton CAN"]
[Date "2022.07.12"]
[Round "1.60"]
[White "Brown, John R"]
[Black "Zaka, Mohid"]
[Result "0-1"]
[WhiteElo "1409"]
[BlackElo "1749"]
[PlyCount "48"]
[EventDate "2022.07.12"]
[EventType "swiss"]
[EventRounds "9"]
[EventCountry "CAN"]

1. e4 c6 2. d4 d5 3. Nc3 dxe4 4. f3 Nf6 5. fxe4 e5 6. d5 cxd5 7. exd5 Bb4 8.
Bb5+ Bd7 9. Bxd7+ Qxd7 10. Nf3 Qxd5 11. O-O Qxd1 12. Nxd1 Nc6 13. c3 Bc5+ 14.
Be3 Nd7 15. Bxc5 Nxc5 16. Ne3 f6 17. Nd5 O-O-O 18. c4 Rd7 19. Rfd1 Rhd8 20. b4
Nxb4 21. Rdb1 Nxd5 22. cxd5 Rxd5 23. Rb4 Rd1+ 24. Rxd1 Rxd1+ 0-1

[Event "CAN op"]
[Site "Hamilton CAN"]
[Date "2022.07.12"]
[Round "1.61"]
[White "Sen, Arya"]
[Black "Jiang, William"]
[Result "0-1"]
[WhiteElo "1745"]
[BlackElo "1380"]
[PlyCount "52"]
[EventDate "2022.07.12"]
[EventType "swiss"]
[EventRounds "9"]
[EventCountry "CAN"]

1. d4 Nf6 2. Nf3 g6 3. g3 Bg7 4. Bg2 O-O 5. O-O d6 6. Re1 Nc6 7. e4 e5 8. d5
Ne7 9. c4 Ne8 10. Nc3 f5 11. b4 f4 12. c5 h6 13. gxf4 exf4 14. e5 Nf5 15. Bb2
g5 16. e6 g4 17. Nd2 f3 18. Nxf3 gxf3 19. Bxf3 Qg5+ 20. Kh1 Nh4 21. Rg1 Qe5 22.
Na4 Qf4 23. Bh5 Qe4+ 24. f3 Nxf3 25. Rg4 Ne1+ 26. Kg1 Qe3+ 0-1

[Event "CAN op"]
[Site "Hamilton CAN"]
[Date "2022.07.12"]
[Round "1.62"]
[White "Chepelev, Ivan"]
[Black "Lu, Eddie"]
[Result "1/2-1/2"]
[WhiteElo "1377"]
[BlackElo "1739"]
[PlyCount "62"]
[EventDate "2022.07.12"]
[EventType "swiss"]
[EventRounds "9"]
[EventCountry "CAN"]

1. Nf3 g6 2. c4 Bg7 3. d4 c5 4. d5 d6 5. e4 Nf6 6. Nc3 O-O 7. Be2 e5 8. O-O h6
9. Ne1 Ne8 10. Nd3 f5 11. a3 f4 12. b4 b6 13. bxc5 bxc5 14. a4 a5 15. Bd2 Na6
16. Bg4 Nb4 17. Nxb4 axb4 18. Bxc8 Qxc8 19. Nb5 f3 20. gxf3 Qh3 21. Re1 Rxf3
22. Re3 Rxe3 23. Bxe3 g5 24. f3 Ra5 25. Qe2 Qc8 26. Qg2 Qa8 27. Qg4 Rxa4 28.
Qe6+ Kf8 29. Nxd6 Rxa1+ 30. Kg2 Nxd6 31. Bxc5 Ra6 1/2-1/2